Statistiken für Länder, die mit M beginnen

Klicken Sie hier um das Quiz zu spielen!

Allgemein

  • Dieses Quiz wurde 99.518 mal gespielt
    (95.735 seit der letzten Aktualisierung)
  • Das Durchschnittsergebnis liegt bei 11 aus 17

Antwortstatistiken

Land% Korrekt
Marokko
74%
Mali
73%
Moldawien
70%
Madagaskar
69%
Mexiko
69%
Malta
68%
Monaco
68%
Mauretanien
67%
Malediven
65%
Mongolei
65%
Montenegro
65%
Malaysia
62%
Mauritius
58%
Myanmar
57%
Mosambik
55%
Malawi
53%
Marshallinseln
38%

Verteilung der Resultate

Perzentil nach korrekt beantworteten Fragen

Anzahl Personen mit jedem Resultat

Ihre Resultats-Entwicklung

Sie haben dieses Quiz seit der letzten Aktualisierung nicht gespielt